Statistics for Ten Northernmost Megacities

Click here to take the quiz!

General Stats

  • This quiz has been taken 43,793 times
    (43,701 since last reset)
  • The average score is 7 of 10

Answer Stats

LatitudeCity% Correct
55.76Moscow
96%
51.51London
93%
40.71New York City
92%
48.86Paris
87%
35.69Tokyo
87%
39.91Beijing
83%
37.56Seoul
64%
41.01Istanbul
46%
35.69Tehran
26%
39.14Tianjin
22%

Score Distribution

Percentile by Number Answered

Percent of People with Each Score

Your Score History

You have not taken this quiz since the last reset